| 000 | 01173cam a22003377a 4500 | ||
|---|---|---|---|
| 001 | 2201 | ||
| 005 | 20231110083059.0 | ||
| 020 | _a9781596434301 | ||
| 020 | _a9780545273992 | ||
| 020 | _a1596434309 | ||
| 040 |
_aBTCTA _cBTCTA _dCXP _dYDXCP _dTEF _dEHH _dVP@ _dDLC _beng |
||
| 050 | 0 | 0 |
_aSD397.R3 _bC52 2009 |
| 082 | 0 | 4 |
_a585/.5 _222 |
| 100 | 1 |
_aChin, Jason _d1978- |
|
| 245 | 1 | 0 |
_aRedwoods / _cJason Chin |
| 260 |
_aNew York : _bScholastic, _c2009 |
||
| 300 |
_a32 unnumbered pages : _billustrations _c28 cm |
||
| 500 | _a"A Neal Porter Book". | ||
| 520 | _aA young city boy, riding the subway, finds an abandoned book about redwoods. He finds himself in the very forest described in the book. After finishing the book, he leaves it for someone else to read. | ||
| 521 |
_a1100 _bLexile |
||
| 650 | 0 |
_aCoast redwood _vJuvenile literature. |
|
| 650 | 0 |
_aRedwoods _vJuvenile literature. |
|
| 650 | 0 |
_aGiant sequoia _vJuvenile literature. |
|
| 650 | 0 |
_aBoys _vJuvenile fiction. |
|
| 650 | 1 | _aCoast redwood. | |
| 650 | 1 | _aRedwoods. | |
| 650 | 1 | _aGiant sequoia. | |
| 650 | 1 |
_aBoys _vFiction. |
|
| 906 |
_a7 _bcbc _ccopycat _d2 _encip _f20 _gy-gencatlg |
||
| 942 |
_2ddc _cBK _n0 |
||
| 999 |
_c2201 _d2201 |
||